Stress wave propagation in solids: An introduction (Record no. 26482)

MARC details
000 -LEADER
fixed length control field 00301nam a2200109Ia 4500
082 ## - DEWEY DECIMAL CLASSIFICATION NUMBER
Classification number 539.319
Item number WAS
100 ## - MAIN ENTRY--AUTHOR NAME
Personal name Wasley, Richard
245 #0 - TITLE STATEMENT
Title Stress wave propagation in solids: An introduction
260 ## - PUBLICATION, DISTRIBUTION, ETC. (IMPRINT)
Place of publication New York
Name of publisher Marcel Dekker
Year of publication 1973
942 ## - ADDED ENTRY ELEMENTS (KOHA)
Koha item type Books
Holdings
Withdrawn status Lost status Damaged status Not for loan Home library Current library Date acquired Cost, normal purchase price Full call number Accession Number Koha item type
        RRII Library RRII Library 16/12/2021 23.25 539.319 WAS 07115 Books